| 000 | 01295nab a2200373 a 4500 | ||
|---|---|---|---|
| 001 | 149125 | ||
| 003 | FlNmELB | ||
| 005 | 20241217182401.0 | ||
| 006 | m o d | | ||
| 007 | cr cnu|||||||| | ||
| 008 | 201010r2007 sp |||||o|||||||||||spa d | ||
| 022 | _a1578-6730 | ||
| 035 | _a(OCoLC)955447352 | ||
| 040 |
_aFINmELB _bspa _erda _cFINmELB |
||
| 050 | 4 |
_aH35 _bV985 2007 |
|
| 080 | _a3(045) | ||
| 082 | 0 |
_a300 _222 |
|
| 100 | 1 | _aVásquez Rocca, Adolfo. | |
| 222 | 0 | _aNómadas: revista crítica de ciencias sociales y jurídicas | |
| 245 | 1 | 0 |
_aNietzsche y Derrida _h[recurso electronico] : _bde la voluntad de ilusión a la mitología blanca / _cAdolfo Vásquez Rocca. |
| 260 |
_a[Madrid] : _bUniversidad Complutense de Madrid, _c2007. |
||
| 300 | _a191-196 p. | ||
| 310 | _aSemestral | ||
| 362 | 0 | _aNum. 16 (2007)- | |
| 600 | 1 | 0 | _aNietzsche, Friedrich. |
| 600 | 1 | 0 | _aDerrida, Jacques. |
| 650 | 4 |
_aCiencias sociales _xArtículos _xPublicaciones periódicas. |
|
| 650 | 4 |
_aSocial sciences _xPeriodicals. |
|
| 653 |
_aArticulos _aPublicaciones periodicas |
||
| 655 | 4 | _aArtículos electrónicos. | |
| 710 | 2 | _ae-libro, Corp. | |
| 740 | 0 | 2 | _aNómadas: revista crítica de ciencias sociales y jurídicas. |
| 856 | 4 | 0 | _uhttps://elibro.net/ereader/politecnicointernacional/21758 |
| 999 |
_c149125 _d149125 |
||